000 01124nam a2200253Ia 4500
003 OSt
005 20220930094903.0
006 a|||||r|||| 00| 0
007 ta
008 220926b |||||||| |||| 00| 0 hin d
024 _a32515
037 _cTheses
040 _aCRL
_cCRL
_bhin
041 _2hin
_ahin
100 _aभारद्वाज, अनिरुद्ध, ले.
110 _aदिल्ली विश्वविद्यालय. कला संकाय. संस्कृत
_9556587
245 0 _aसंस्कृतव्याकरणशास्त्र के सन्दर्भ में पाश्चात्य विद्वानों का चिंतन
246 _aSanskṛutavyākaraṇashāstra ke sandarbha mean pāshchātya vidvānoan kā chiantana
260 _c2014
300 _a605पृ.
_ap.
_ccm.
700 _aदिल्ली विश्वविद्यालय. कला संकाय. संस्कृत
_9556588
942 _cDIS
_2CC
999 _c887864
_d887864